000 01301nam a2200205Ia 4500
003 Ost
005 20260416102358.0
008 260416s9999||||xx |||||||||||||| ||und||
040 _cfsecg
041 _aara
082 _a340
100 _aلعناني،حسام
_eمؤلف
245 0 _a مدخل إلى العلوم القانونية :
_bموجه الى طلبة السنة الأولى جذع مشترك /
_cحسام لعناني
260 _aالجزائر
_bجامعة الجزائر3: كلية العلوم الإقتصادية، العلوم التجارية وعلوم التسيير
_c2022
300 _a100 ورقة
_bايضاحات
_c30 سم
520 _a1/نظرية القانون : مفهوم القانون و خصائص القاعدة القانونية و علاقة القاعدة القانونية بالقواعد و العلوم الأخرى و تقسيم القانون و مصادره و تطبيق القانون و تفسيره 2/ نظرية الحق : مفهوم الحق و أركانه و تقسيم الحقوق و مصادر الحق و إثباته .
653 _aالقانون
710 _aجامعة الجزائر3: كلية العلوم الإقتصادية، العلوم التجارية وعلوم التسيير
_eناشر علمي
942 _cHANDOUT
999 _c41303
_d41303